00560nam a2200169Ia 4500003000900000008004100009040001600050080001700066245013000083260003500213300001500248650004100263650002400304650002400328650001100352700002700363IN-BaIIA211028s9999 xx 000 0 eng d cIIA Library a535.8bAPP-3 0aApplied optics and optical engineeringbvol. 3, optical componentscedited by Rudolf Kingslake  aNew YorkbAcademic Pressc1965 axiv, 374p. aAstronomy and astrophysics thesaurus aOptical engineering aOptical instruments aOptics aKingslake, Rudolf, ed.